| 000 | 00673pam a2200169 a 4500 | ||
|---|---|---|---|
| 020 | _a0470274840 (Halsted Press) | ||
| 082 | 0 | 0 |
_a624.1834 _bFED _cL-19, P-104 |
| 245 | 0 | 0 |
_aFIP manual of lightweight aggregate concrete / _cprepared by Fédération internationale de la précontrainte (FIP). |
| 250 | _a2nd ed. | ||
| 260 |
_aGlasgow : _bSurry University Press ; _aNew York : _bHalsted Press, _c1983. |
||
| 300 |
_axii, 259 p. : _bill. ; _c24 cm. |
||
| 526 |
_a0 _b0 _c0 _d624_183400000000000_FED |
||
| 650 | 0 |
_aLightweight concrete _xHandbooks, manuals, etc. _943111 |
|
| 650 | 0 |
_aMCE _9379 |
|
| 710 | 2 |
_aFédération internationale de la précontrainte. _943112 |
|
| 942 |
_2ddc _cBK |
||
| 999 |
_c546909 _d546909 |
||